FIFA 17 Top 10 English Right Wingers - Statistics

General Stats
  • This quiz has been taken 43 times
  • The average score is 3 of 10
Answer Stats
Rank Player OVA % Correct
1 Theo Walcott 81
91%
4 Aaron Lennon 78
50%
3 Alex Oxlade-Chamberlain 79
50%
5 Andros Townsend 78
28%
7 Jesse Lingard 77
22%
2 Wilfried Zaha 79
22%
9 Nathan Redmond 75
19%
8 Michail Antonio 76
13%
6 Nathan Dyer 77
13%
10 Callum McManaman 73
3%
No matching quizzes found
Score Distribution
Percent of People with Each Score
Percentile by Number Answered
Your Score History
You have not taken this quiz